000
00314nam a2200133Ia 4500
005
20251222143317.0
008
251222s9999||||xx |||||||||||||| ||spa||
020
_a
978-84-8005-102-6
082
_a
297.3/M86
100
_a
Moreno Koch, Yolanda
245
0
_a
La Mujer JudÃa
264
_b
El Almendro
942
_c
LIB
999
_c
15943
_d
15943